Giáo trình chính trị: Dùng trong các trường trung học chuyên nghiệp hệ tuyển sinh tốt nghiệp trung học phổ thông

שמור ב:
מידע ביבליוגרפי
מחבר ראשי: Lê Thế Lạng
פורמט: ספר
שפה:Undetermined
יצא לאור: Hà Nội Giáo dục 2006
נושאים:
תגים: הוספת תג
אין תגיות, היה/י הראשונ/ה לתייג את הרשומה!
Thư viện lưu trữ: Trung tâm Học liệu Trường Đại học Cần Thơ
LEADER 00658nam a2200193Ia 4500
001 CTU_101538
008 210402s9999 xx 000 0 und d
020 |c 23000 
082 |a 320.01 
082 |b L106 
100 |a Lê Thế Lạng 
245 0 |a Giáo trình chính trị: 
245 0 |b Dùng trong các trường trung học chuyên nghiệp hệ tuyển sinh tốt nghiệp trung học phổ thông 
245 0 |c Lê Thế Lạng 
260 |a Hà Nội 
260 |b Giáo dục 
260 |c 2006 
650 |a political science,socialism,marxism-leninism 
980 |a Trung tâm Học liệu Trường Đại học Cần Thơ